00476pab a2200157 454500008004000000100001800040245004400058260000900102300001400111650002700125650001100152773003800163909001000201999001700211952009000228180718b2005 xxu||||| |||| 00| 0 eng d aTarr, G. Alan aTribes under American constitutionalism c2005 ap.88-105. aTribes - United States aTribes aIndian Journal of Federal Studies a66092 c66092d66092 00104070aIIPAbIIPAd2018-07-19hIssue no: 1,pAR66544r2018-07-19w2018-07-19yAR